Data stores, data warehousing, and the Zachman Framework : managing enterprise knowledge
Αποθηκεύτηκε σε:
| Κύριος συγγραφέας: | |
|---|---|
| Άλλοι συγγραφείς: | , |
| Μορφή: | Βιβλίο |
| Γλώσσα: | English |
| Δημοσίευση: |
New York :
McGraw-Hill,
c1997
|
| Σειρά: | McGraw-Hill series on data warehousing and data management
|
| Θέματα: | |
| Ετικέτες: |
Προσθήκη ετικέτας
Δεν υπάρχουν, Καταχωρήστε ετικέτα πρώτοι!
|
MARC
| LEADER | 00000nam a2200000 i 4500 | ||
|---|---|---|---|
| 001 | 1/56500 | ||
| 008 | 981203s1997 eng d | ||
| 020 | |a 0-07-031429-2 | ||
| 035 | |l 10045577 | ||
| 040 | |a GR-MY-UA |b gre |e aacr | ||
| 041 | 0 | |a eng | |
| 082 | 0 | |a 005.74068 | |
| 100 | 1 | |a Inmon, William H. | |
| 245 | 1 | 0 | |a Data stores, data warehousing, and the Zachman Framework : |b managing enterprise knowledge / |c W. H. Inmon, John A. Zachman, Jonathan G. Geiger |
| 260 | |a New York : |b McGraw-Hill, |c c1997 | ||
| 300 | |a xviii, 358 p.; |b ill.; |c 24 cm. | ||
| 490 | 1 | |a McGraw-Hill series on data warehousing and data management | |
| 500 | |a Includes bibliography and index | ||
| 650 | 0 | 0 | |a Database management. |
| 650 | 0 | 0 | |a Management information systems. |
| 650 | 0 | 0 | |a Data warehousing. |
| 700 | 1 | |a Zachman, John A. | |
| 700 | 1 | |a Geiger, Jonathan G. | |
| 830 | 0 | |a McGraw-Hill series on data warehousing and data management | |
| 852 | |a INST |b SAMOS |e 19981203 |h 005.74068 INM |p 005300013728 |q 005300013728 |t BK |y 0 | ||
| 901 | |a BIBL-1998-3 | ||
| 909 | |a Σ |b 060887 | ||
| 922 | |a 3ΕΛΗ |b 199811 |c ΤΠΕΣ |d ΠΑΠΑΣΩΤΗΡΙΟΥ | ||